[Event "Championnat de France - Open A"]
[Site "Pau"]
[Date "2008.08.13"]
[Round "2.37"]
[White "Sauvadet, Herve"]
[Black "Lewis, John"]
[Result "0-1"]
[WhiteElo "2041"]
[BlackElo "2134"]
[PlyCount "130"]

1. e4 c5 2. Nf3 Nc6 3. d4 cxd4 4. Nxd4 Qc7 5. Nc3 e6 6. Be3 a6 7. a3 Nf6 8. Be2
Be7 9. O-O O-O 10. f4 d6 11. Kh1 Re8 12. Qe1 Nxd4 13. Bxd4 e5 14. fxe5 dxe5 15.
Qg3 Bd8 16. Be3 Kh8 17. Bg5 Be6 18. Qh4 Nd7 19. Rf3 Bxg5 20. Qxg5 f6 21. Qh5
Red8 22. Rg3 Nf8 23. Bd3 Qf7 24. Qxf7 Bxf7 25. Re3 Rd4 26. Kg1 Ne6 27. Ne2 Rd7
28. Bc4 Nd4 29. Bd3 Nc6 30. Kf2 Rad8 31. Rg1 Na5 32. Nc1 Nc4 33. Bxc4 Bxc4 34.
Rc3 Bb5 35. Nb3 b6 36. Ke3 Kg8 37. g4 h6 38. Rg2 a5 39. Rd2 a4 40. Rxd7 Bxd7
41. Nd2 Bxg4 42. Rc6 b5 43. c4 Rb8 44. c5 Rc8 45. Rxc8+ Bxc8 46. b4 Bb7 47. Nf1
Kf7 48. Ng3 g6 49. h4 Ke6 50. Nh1 f5 51. Nf2 g5 52. hxg5 hxg5 53. Nh3 Kf6 54.
Nf2 g4 55. exf5 Kxf5 56. Nd1 g3 57. Nc3 Bc6 58. Ne2 Kg4 59. Ng1 Bb7 60. Kd3 g2
61. Ke3 Kg3 62. Ne2+ Kh2 63. Kf2 Bc6 64. Ng1 e4 65. Ne2 Ba8 0-1

[Event "Championnat de France - Open A"]
[Site "Pau"]
[Date "2008.08.13"]
[Round "2.38"]
[White "Nguyen-Huu, Hoang"]
[Black "Bressac, Stephane"]
[Result "0-1"]
[WhiteElo "2129"]
[BlackElo "2028"]
[PlyCount "88"]

1. c3 c5 2. Qc2 Nc6 3. d3 e5 4. e4 g6 5. Nf3 Bg7 6. Be2 Nge7 7. a3 a5 8. a4 O-O
9. Na3 d5 10. O-O h6 11. Re1 Be6 12. Nb5 Kh8 13. Be3 d4 14. Bd2 g5 15. h3 Ng6
16. Nh2 f5 17. exf5 Bxf5 18. Rad1 Rc8 19. Bg4 Nh4 20. Bxf5 Rxf5 21. Re2 Qd5 22.
Re4 Rcf8 23. Rf1 Ne7 24. cxd4 exd4 25. Nc7 Qd6 26. Bxa5 Ng8 27. Ne6 Be5 28.
Nxf8 Bxh2+ 29. Kh1 Rxf8 30. Qb3 Be5 31. Qb6 Qd5 32. f3 Nf6 33. Re2 Nf5 34. Be1
Kg7 35. Kg1 Ne3 36. Bf2 Nxf1 37. Kxf1 Nh5 38. Rc2 Bd6 39. Rc4 Ng3+ 40. Kg1 Nf5
41. a5 Ne3 42. Rc1 Nxg2 43. Rf1 Nf4 44. Bg3 Ne2+ 0-1

[Event "Championnat de France - Open A"]
[Site "Pau"]
[Date "2008.08.13"]
[Round "2.39"]
[White "Le Hetet, Nicolas"]
[Black "Le Montagner, Yoann"]
[Result "1-0"]
[WhiteElo "2123"]
[BlackElo "2014"]
[PlyCount "55"]

1. e4 c5 2. Nf3 d6 3. d4 cxd4 4. Nxd4 Nf6 5. Nc3 g6 6. Be3 Bg7 7. Be2 Nc6 8.
O-O O-O 9. Nb3 a6 10. f4 Qc7 11. g4 e6 12. Qd2 b5 13. Bf3 Bb7 14. Rad1 Rfd8 15.
a3 Rac8 16. g5 Ne8 17. Qf2 Qe7 18. Rd2 Nb8 19. Rd3 Rd7 20. f5 exf5 21. exf5
Bxc3 22. bxc3 Be4 23. fxg6 fxg6 24. Rd2 Rxc3 25. Re2 Bc6 26. Bd4 Qxg5+ 27. Kh1
Rxc2 28. Rxe8+ 1-0

[Event "Championnat de France - Open A"]
[Site "Pau"]
[Date "2008.08.13"]
[Round "2.40"]
[White "Beghin, Ronan"]
[Black "Armand, Jerome"]
[Result "1/2-1/2"]
[WhiteElo "2110"]
[BlackElo "2020"]
[PlyCount "116"]

1. e4 e5 2. Nf3 Nc6 3. Bb5 Nf6 4. O-O Nxe4 5. d4 Nd6 6. dxe5 Nxb5 7. a4 Nbd4 8.
Nxd4 d6 9. exd6 Nxd4 10. Qxd4 Qxd6 11. Re1+ Be6 12. Qc3 Be7 13. Nd2 Bf6 14. Qe3
Bd4 15. Ne4 Qb6 16. Qf4 O-O-O 17. c3 Bc5 18. a5 Qc6 19. Nxc5 Qxc5 20. Be3 Qd6
21. Qd4 Qxd4 22. Bxd4 a6 23. Bxg7 Rhg8 24. Bd4 Bd5 25. g3 h5 26. h4 Rde8 27.
Bf6 Bf3 28. Bg5 Kd7 29. Bf4 c6 30. Re3 Rxe3 31. fxe3 Ke6 32. Kf2 Be4 33. Rd1
Bd5 34. Bc7 Rc8 35. Bb6 Rg8 36. Rd4 Rg4 37. Rxg4 hxg4 38. Ke2 Be4 39. c4 Kf5
40. Kd2 Bb1 41. Bc7 Ke4 42. h5 Kf5 43. h6 Kg6 44. Bf4 c5 45. Kc3 Be4 46. b4
cxb4+ 47. Kxb4 f5 48. Kc5 Bc6 49. Kd6 Be4 50. Ke7 Bd3 51. c5 Bc4 52. Kd6 Bb5
53. Ke5 Bc6 54. h7 Kxh7 55. Kxf5 Bf3 56. e4 Kg7 57. Bd6 Kf7 58. e5 Bd1 1/2-1/2

[Event "Championnat de France - Open A"]
[Site "Pau"]
[Date "2008.08.13"]
[Round "2.41"]
[White "Lamberti, Hugo"]
[Black "Gras, Delphine"]
[Result "1-0"]
[WhiteElo "2101"]
[BlackElo "1993"]
[PlyCount "91"]

1. e4 c6 2. d4 d5 3. e5 Bf5 4. Ne2 h6 5. Ng3 Bh7 6. Bd3 Bxd3 7. Qxd3 e6 8. O-O
Nd7 9. c3 Ne7 10. h4 c5 11. Be3 Nc6 12. h5 Rc8 13. a3 c4 14. Qc2 Be7 15. f4 O-O
16. f5 Bg5 17. Qd2 Bxe3+ 18. Qxe3 Qg5 19. Qxg5 hxg5 20. Nd2 Kh7 21. Nf3 Kh6 22.
Nh2 Ne7 23. Ng4+ Kh7 24. Rf3 b5 25. Raf1 Ng8 26. Nh1 a5 27. Nhf2 Nh6 28. Ne3
Kg8 29. Rg3 b4 30. axb4 axb4 31. Rxg5 bxc3 32. bxc3 Nxf5 33. Nxf5 exf5 34. Rxf5
Rb8 35. Nh3 Rb3 36. R5f3 Ra3 37. Nf4 Ra5 38. Rb1 Rb8 39. Rxb8+ Nxb8 40. Rf1 Rb5
41. Ra1 Kh7 42. Ra7 Kg8 43. Rc7 Rb1+ 44. Kf2 Rb2+ 45. Kg3 Rb5 46. Nxd5 1-0

[Event "Championnat de France - Open A"]
[Site "Pau"]
[Date "2008.08.13"]
[Round "2.42"]
[White "Lamard, Guillaume"]
[Black "Ruffenach, Alain"]
[Result "0-1"]
[WhiteElo "2001"]
[BlackElo "2100"]
[PlyCount "114"]

1. d4 g6 2. c4 Bg7 3. Nc3 c5 4. d5 d6 5. e4 Nf6 6. Nf3 O-O 7. Be2 e5 8. dxe6
Bxe6 9. O-O Nc6 10. Bf4 Qa5 11. Qc2 Rfd8 12. Rfd1 Ne8 13. Nb5 Nb4 14. Qb1 Qb6
15. a3 Nc6 16. Qc2 Na5 17. Ng5 a6 18. Nxe6 fxe6 19. Nc3 Nb3 20. Rab1 Nd4 21.
Qd2 Qc6 22. Qe3 b5 23. e5 d5 24. cxb5 axb5 25. Bd3 Nc7 26. Ne2 Ra4 27. Nxd4
cxd4 28. Qe2 Rf8 29. Rbc1 Qb6 30. Qg4 b4 31. Bc2 Ra7 32. axb4 Qxb4 33. h4 d3
34. g3 dxc2 35. Rxc2 Qb6 36. Be3 Qb3 37. Rdc1 Ra4 38. Qg5 Rc4 39. Rxc4 dxc4 40.
Qe7 Rf7 41. Qd8+ Bf8 42. Rd1 Nd5 43. Rxd5 exd5 44. e6 Qd1+ 45. Kh2 Rb7 46. Bc5
Qf3 47. e7 Rxe7 48. Bxe7 Qxf2+ 49. Kh3 Qf1+ 50. Kh2 Qe2+ 51. Kh3 Qe6+ 52. Kh2
Qxe7 53. Qxd5+ Qf7 54. Qd4 h5 55. Kg2 Kh7 56. g4 Bg7 57. gxh5 Bxd4 0-1

[Event "Championnat de France - Open A"]
[Site "Pau"]
[Date "2008.08.13"]
[Round "2.43"]
[White "Fernandez, Laura"]
[Black "Manoeuvre, Antoine"]
[Result "0-1"]
[WhiteElo "2003"]
[BlackElo "2095"]
[PlyCount "84"]

1. e4 e6 2. Nf3 d5 3. Nc3 Nf6 4. e5 Nfd7 5. d4 c5 6. dxc5 Nc6 7. Bf4 Bxc5 8.
Bd3 a6 9. a3 f6 10. exf6 Nxf6 11. O-O Bd6 12. Bg5 O-O 13. Bh4 Qc7 14. Re1 Ne5
15. Nxe5 Bxe5 16. Bg3 Bxg3 17. hxg3 e5 18. Be2 Be6 19. g4 h6 20. Bf3 Rad8 21.
Nb1 e4 22. Be2 Qb6 23. Nc3 Nxg4 24. Bxg4 Qxf2+ 25. Kh1 Qh4+ 26. Kg1 Bxg4 27.
Qd4 Qf6 28. Qa7 Qc6 29. Qd4 Kh8 30. Rf1 Be6 31. Rad1 Rfe8 32. Rf4 b6 33. Rh4
Kh7 34. Kh1 Rf8 35. Qe3 Qc7 36. Re1 d4 37. Rxh6+ gxh6 38. Qxe4+ Bf5 39. Qh4 Rf7
40. Ne4 Bxe4 41. Qxe4+ Kg8 42. Qg6+ Rg7 0-1

[Event "Championnat de France - Open A"]
[Site "Pau"]
[Date "2008.08.13"]
[Round "2.44"]
[White "Cramer, Stephen"]
[Black "Fourcand, Pierre"]
[Result "1/2-1/2"]
[WhiteElo "2090"]
[BlackElo "1933"]
[PlyCount "109"]

1. e4 c5 2. Nc3 Nc6 3. d3 d6 4. g3 g6 5. Bg2 Bg7 6. Nge2 e6 7. O-O Nd4 8. Nxd4
cxd4 9. Ne2 Ne7 10. c3 dxc3 11. bxc3 O-O 12. Bg5 Qc7 13. Be3 b6 14. Rc1 Bb7 15.
d4 d5 16. f3 Rfd8 17. Re1 e5 18. Qc2 Rac8 19. Qb3 Ba6 20. Bh3 Bxe2 21. Rxe2 Qc4
22. Ree1 Rc6 23. Qxc4 Rxc4 24. Bf1 Rc7 25. Red1 exd4 26. Bxd4 dxe4 27. fxe4
Rcd7 28. Bh3 Bxd4+ 29. cxd4 Rxd4 30. Rxd4 Rxd4 31. Rc7 Rxe4 32. Rxa7 f5 33. Rb7
Re6 34. Bf1 Kf8 35. Kf2 Rd6 36. a4 Kf7 37. Bc4+ Kf6 38. Rb8 h5 39. h4 g5 40.
Rf8+ Kg6 41. Re8 Rd7 42. hxg5 Kxg5 43. Be2 h4 44. gxh4+ Kxh4 45. Rh8+ Kg5 46.
Rh5+ Kf6 47. Rh3 Rd4 48. Ra3 Kg5 49. a5 bxa5 50. Rxa5 Kf4 51. Rc5 Ng6 52. Rc4
Rxc4 53. Bxc4 Ne5 54. Be6 Ng4+ 55. Ke1 1/2-1/2

[Event "Championnat de France - Open A"]
[Site "Pau"]
[Date "2008.08.13"]
[Round "2.45"]
[White "Rodon, Gurvan"]
[Black "Koch, Alain"]
[Result "0-1"]
[WhiteElo "1989"]
[BlackElo "2090"]
[PlyCount "144"]

1. d4 d5 2. Nf3 Nf6 3. c4 e6 4. g3 Bb4+ 5. Bd2 Be7 6. Bg2 O-O 7. Qc2 Ne4 8. Bf4
c6 9. O-O Nd7 10. Nbd2 f5 11. Ne5 Nxd2 12. Bxd2 Bf6 13. f4 Nxe5 14. fxe5 Bg5
15. Bxg5 Qxg5 16. Qc1 Qxc1 17. Raxc1 dxc4 18. Rxc4 Bd7 19. e3 Rac8 20. Rfc1 h6
21. b4 a6 22. a4 g5 23. R4c3 Rfd8 24. Bf1 Kf8 25. a5 Ke7 26. Bg2 Be8 27. Rf1
Rb8 28. Rfc1 Bh5 29. Kf2 f4 30. Rc4 Rf8 31. gxf4 gxf4 32. e4 f3 33. Bf1 Rf4 34.
d5 exd5 35. exd5 Rxc4 36. Rxc4 cxd5 37. Rh4 Bg6 38. Kxf3 h5 39. Ke3 Rc8 40. Kd4
Rc1 41. Rf4 Be4 42. Be2 Rc2 43. Bf1 Rxh2 44. Rf6 Rh4 45. Kc5 Bh1 46. b5 axb5
47. Bxb5 d4 48. Rd6 Re4 49. Rxd4 Rxe5+ 50. Kb6 Bd5 51. a6 bxa6 52. Bxa6 Kf6 53.
Kc7 Be4 54. Bc8 Rc5+ 55. Kb8 Ke5 56. Rd8 Kf4 57. Rh8 Kg5 58. Ka7 Rc7+ 59. Kb6
Rh7 60. Rg8+ Kf4 61. Kc5 Bf3 62. Kd4 Re7 63. Bh3 Bg4 64. Bf1 Rd7+ 65. Kc5 Rd1
66. Bb5 Kg3 67. Bc4 Kh3 68. Rg7 Rc1 69. Kd4 h4 70. Bd5 Re1 71. Be4 Ra1 72. Ke3
Kg3 0-1

[Event "Championnat de France - Open A"]
[Site "Pau"]
[Date "2008.08.13"]
[Round "2.46"]
[White "Cao, Philippe"]
[Black "Jacquot, David"]
[Result "1/2-1/2"]
[WhiteElo "1991"]
[BlackElo "2087"]
[PlyCount "62"]

1. e4 c5 2. Nf3 Nc6 3. d4 cxd4 4. Nxd4 Nf6 5. Nc3 d6 6. Bg5 e6 7. Qd2 Be7 8.
O-O-O a6 9. f4 Bd7 10. Nf3 Qc7 11. Bd3 O-O 12. h3 Rfe8 13. g4 b5 14. Kb1 Nb4
15. f5 Bc6 16. Nd4 e5 17. Nxc6 Nxc6 18. Bxf6 Bxf6 19. h4 Be7 20. g5 Bf8 21. h5
Nd4 22. Nd5 Qb7 23. h6 Nxf5 24. hxg7 Bxg7 25. Qg2 Ne7 26. Qh3 Nxd5 27. Qxh7+
Kf8 28. exd5 e4 29. Bxe4 Re5 30. Qh4 Qe7 31. Bd3 Qxg5 1/2-1/2

[Event "Championnat de France - Open A"]
[Site "Pau"]
[Date "2008.08.13"]
[Round "2.47"]
[White "Brunier, Jules"]
[Black "Vignier, Pascal"]
[Result "1-0"]
[WhiteElo "1937"]
[BlackElo "2068"]
[PlyCount "75"]

1. e4 Nf6 2. e5 Nd5 3. d4 d6 4. c4 Nb6 5. exd6 cxd6 6. Nc3 g6 7. a4 a5 8. c5
N6d7 9. Bb5 Bg7 10. Bf4 e5 11. dxe5 dxe5 12. Be3 O-O 13. Nf3 Na6 14. Ne4 Qe7
15. Qc1 f5 16. Bg5 Nf6 17. Nd6 b6 18. Nxc8 Rfxc8 19. Bxa6 Rxc5 20. Bc4+ Kh8 21.
O-O Qc7 22. b3 Ne4 23. Bh6 Bf6 24. Ng5 Nxg5 25. Bxg5 Bg7 26. Be3 Rc6 27. Bh6
Bf6 28. Qe3 Rc8 29. Bb5 f4 30. Qe4 Rd6 31. Rad1 Rcd8 32. Rc1 Qe7 33. Rc6 Rd4
34. Qc2 f3 35. Be3 Rg4 36. g3 Rb4 37. Bxb6 Qd7 38. Rxf6 1-0

[Event "Championnat de France - Open A"]
[Site "Pau"]
[Date "2008.08.13"]
[Round "2.48"]
[White "Peyre, Thomas"]
[Black "Marchadour, Claire"]
[Result "0-1"]
[WhiteElo "1922"]
[BlackElo "2060"]
[PlyCount "92"]

1. e4 c5 2. Nf3 d6 3. d4 cxd4 4. Nxd4 Nf6 5. Nc3 Nc6 6. Be2 e5 7. Nb3 Be7 8.
Be3 O-O 9. O-O a5 10. a4 Nb4 11. f4 Be6 12. Bf3 exf4 13. Bxf4 Nxc2 14. Qxc2
Qb6+ 15. Nd4 Qxd4+ 16. Kh1 Rac8 17. Rad1 Qb4 18. Qf2 Bb3 19. Rd2 Bxa4 20. Qg3
Rfd8 21. Bh6 Bf8 22. Bg5 Be7 23. Rdf2 Bb3 24. Bd1 Kh8 25. Rxf6 Bxf6 26. Rxf6
Bxd1 27. Nxd1 Re8 28. Rf1 Rxe4 29. Qf3 Rce8 30. Qxf7 Re1 31. Be3 Rxf1+ 32. Qxf1
d5 33. Bg1 d4 34. Qf4 d3 35. Qxb4 axb4 36. Be3 Ra8 37. Kg1 Ra1 38. Kf2 Rxd1 39.
h3 Kg8 40. Bd4 Rd2+ 41. Kf3 Re2 42. g3 Kf7 43. h4 g6 44. g4 Ke6 45. h5 gxh5 46.
gxh5 Kd5 0-1

[Event "Championnat de France - Open A"]
[Site "Pau"]
[Date "2008.08.13"]
[Round "2.49"]
[White "Hirt, Jean"]
[Black "Samoun, Florent"]
[Result "0-1"]
[WhiteElo "2053"]
[BlackElo "2006"]
[PlyCount "118"]

1. e4 Nf6 2. e5 Nd5 3. Nc3 Nb6 4. d4 d6 5. Nf3 Bg4 6. Be2 e6 7. O-O d5 8. Bg5
Be7 9. Bxe7 Qxe7 10. a3 O-O 11. Nd2 Bxe2 12. Qxe2 c5 13. dxc5 Qxc5 14. Nb5 Nc6
15. Nb3 Qc4 16. Qxc4 Nxc4 17. f4 a6 18. N5d4 Nxb2 19. Nxc6 bxc6 20. f5 Nc4 21.
fxe6 fxe6 22. Nd4 Rxf1+ 23. Kxf1 Kf7 24. Nxc6 Rc8 25. Nb4 a5 26. Nd3 Ne3+ 27.
Kf2 d4 28. Ne1 Ng4+ 29. Kf3 Nxe5+ 30. Ke4 Kf6 31. Kxd4 Rc4+ 32. Ke3 Kf5 33. h3
h5 34. Nd3 Re4+ 35. Kf2 Ra4 36. Nxe5 Kxe5 37. Re1+ Re4 38. Rb1 Rc4 39. Rb5+ Kf4
40. Rxh5 Rxc2+ 41. Ke1 Rxg2 42. Rxa5 e5 43. Ra8 Ra2 44. a4 e4 45. a5 Kf3 46.
Rf8+ Ke3 47. Kf1 Rxa5 48. h4 Re5 49. h5 Re7 50. Ke1 Kd3 51. Ra8 Rc7 52. Rd8+
Ke3 53. Kd1 Ra7 54. Kc2 Ke2 55. Kc3 e3 56. Re8 Rc7+ 57. Kd4 Kd2 58. Ke4 e2 59.
Rd8+ Kc2 0-1

[Event "Championnat de France - Open A"]
[Site "Pau"]
[Date "2008.08.13"]
[Round "2.50"]
[White "Hurpeau, Jean-Marc"]
[Black "Lahilhanne, Philippe"]
[Result "0-1"]
[WhiteElo "1966"]
[BlackElo "2051"]
[PlyCount "60"]

1. c4 g6 2. Nc3 Bg7 3. g3 d6 4. Bg2 e5 5. e4 Be6 6. d3 Nc6 7. Nge2 Qd7 8. Nd5
Nd8 9. O-O c6 10. Ne3 Ne7 11. d4 O-O 12. dxe5 dxe5 13. Qxd7 Bxd7 14. Rd1 Be6
15. Rb1 f5 16. f4 Nf7 17. b3 Rfe8 18. Bb2 Bh6 19. Nc2 fxe4 20. fxe5 Bg4 21. Bf1
Nf5 22. e6 Rxe6 23. Rd7 Ne5 24. Bxe5 Rxe5 25. Rxb7 Rd8 26. Nf4 Rd2 27. Nb4 Nd4
28. Bg2 Nf3+ 29. Bxf3 exf3 30. Rf1 Bxf4 0-1

[Event "Championnat de France - Open A"]
[Site "Pau"]
[Date "2008.08.13"]
[Round "2.51"]
[White "Kieffer, Christian"]
[Black "Achereiner, Guillaume"]
[Result "1-0"]
[WhiteElo "2148"]
[BlackElo "2025"]
[PlyCount "57"]

1. e4 e6 2. Nf3 d5 3. e5 c5 4. b4 cxb4 5. a3 Nh6 6. axb4 Bxb4 7. c3 Be7 8. d4
Nf5 9. h4 h5 10. Bd3 Nc6 11. g3 Bd7 12. O-O Qc7 13. Na3 a6 14. Bf4 Bxa3 15.
Rxa3 Nce7 16. Qe2 Bc6 17. Nd2 a5 18. Nb3 b6 19. Rb1 Rb8 20. Nd2 Ng6 21. Bg5
Nfe7 22. c4 Nf8 23. Rc3 Qa7 24. cxd5 Bd7 25. Bxe7 Kxe7 26. d6+ Ke8 27. Rc7 Rb7
28. Rbc1 g5 29. Bb5 1-0

[Event "Championnat de France - Open A"]
[Site "Pau"]
[Date "2008.08.13"]
[Round "2.52"]
[White "Deschler, Fabrice"]
[Black "Ruch, Bernard"]
[Result "0-1"]
[WhiteElo "2141"]
[BlackElo "2022"]
[PlyCount "70"]

1. d4 d5 2. Nf3 Nf6 3. g3 Bg4 4. Bg2 c6 5. c4 e6 6. O-O Nbd7 7. Nbd2 Be7 8. b3
O-O 9. Bb2 a6 10. h3 Bf5 11. Nh4 Ne4 12. Nxf5 exf5 13. Nxe4 fxe4 14. Qc2 f5 15.
f4 Nf6 16. Kh2 Qe8 17. Rac1 Qh5 18. Kg1 Bd6 19. e3 g5 20. Rf2 gxf4 21. gxf4 Kh8
22. Qd1 Qh4 23. Qe1 Rg8 24. Kh1 Rg3 25. Rcc2 Rag8 26. Rf1 Ng4 27. Qxg3 Qxg3 28.
hxg4 Rxg4 29. Rff2 Qxe3 30. Bc1 Qe1+ 31. Bf1 e3 32. Rf3 Bxf4 33. Bxe3 Bxe3 34.
Re2 Qh4+ 35. Rh3 Rg1+ 0-1

[Event "Championnat de France - Open A"]
[Site "Pau"]
[Date "2008.08.13"]
[Round "2.53"]
[White "Cartigny, Patrick"]
[Black "Jactel, Nicolas"]
[Result "1/2-1/2"]
[WhiteElo "2020"]
[BlackElo "2141"]
[PlyCount "45"]

1. e4 e5 2. Bc4 Nf6 3. d3 Nc6 4. Nf3 Bc5 5. O-O a6 6. c3 Ba7 7. Bb3 O-O 8. Nbd2
d6 9. h3 Be6 10. Re1 Qd7 11. Bxe6 fxe6 12. Nf1 Nh5 13. Be3 Nf4 14. Bxa7 Nxa7
15. d4 exd4 16. cxd4 Qf7 17. Re3 Qg6 18. Ng3 Rf7 19. Nh4 Qg5 20. Nf3 Qg6 21.
Nh4 Qg5 22. Nf3 Qg6 23. Nh4 1/2-1/2

[Event "Championnat de France - Open A"]
[Site "Pau"]
[Date "2008.08.13"]
[Round "2.54"]
[White "Licayan, Albert"]
[Black "Lewertowski, Gabriel"]
[Result "0-1"]
[WhiteElo "2139"]
[BlackElo "2017"]
[PlyCount "82"]

1. e4 Nf6 2. e5 Nd5 3. d4 d6 4. Nf3 dxe5 5. Nxe5 c6 6. Bc4 Nd7 7. O-O Nxe5 8.
dxe5 Bf5 9. Bd3 Bxd3 10. cxd3 g6 11. Nc3 Bg7 12. d4 O-O 13. Qb3 Nb6 14. Be3 Qc7
15. Rac1 Rad8 16. a4 Kh8 17. f4 Qd7 18. Rf2 Rc8 19. Rfc2 Bh6 20. a5 Na8 21. Ne4
Qf5 22. Ng3 Qd7 23. h3 Rb8 24. Rf2 f5 25. exf6 exf6 26. Ne4 Nc7 27. Nc5 Qd5 28.
Qxd5 Nxd5 29. Bd2 Rf7 30. Re1 Re7 31. Rxe7 Nxe7 32. Re2 Nd5 33. g3 Kg8 34. Re6
Kf7 35. Rd6 Ke8 36. Rd7 b6 37. Rxh7 bxc5 38. Rxh6 Rxb2 39. Be1 cxd4 40. Rxg6 d3
41. h4 Re2 0-1

[Event "Championnat de France - Open A"]
[Site "Pau"]
[Date "2008.08.13"]
[Round "2.55"]
[White "Dube, Dimitri"]
[Black "Vaillant, Stephane"]
[Result "1/2-1/2"]
[WhiteElo "2124"]
[BlackElo "2016"]
[PlyCount "54"]

1. c3 Nf6 2. d3 d5 3. Nf3 c5 4. Bg5 e6 5. Nbd2 Nc6 6. e3 Be7 7. d4 b6 8. Bb5
Bd7 9. O-O O-O 10. Re1 Nxd4 11. Bd3 Nxf3+ 12. Qxf3 Re8 13. Rad1 Qc7 14. e4 dxe4
15. Nxe4 Nxe4 16. Bxe4 Bxg5 17. Bxa8 Bb5 18. Be4 g6 19. Qg3 Bf4 20. Qh3 Kg7 21.
g3 Bg5 22. Qg2 Rd8 23. Qf3 Bd2 24. Re2 Bxe2 25. Qxe2 Bg5 26. f4 Bf6 27. Kf2
Rxd1 1/2-1/2

[Event "Championnat de France - Open A"]
[Site "Pau"]
[Date "2008.08.??"]
[Round "2.56"]
[White "Blachon, Pascal"]
[Black "Castro, John"]
[Result "1/2-1/2"]
[WhiteElo "2118"]
[BlackElo "2014"]
[PlyCount "40"]

1. d4 Nf6 2. c4 g6 3. Nc3 Bg7 4. e4 d6 5. f3 O-O 6. Nge2 e5 7. Bg5 c6 8. Qd2
exd4 9. Nxd4 h6 10. Be3 d5 11. cxd5 cxd5 12. exd5 Nxd5 13. Nxd5 Qxd5 14. Nb5
Qe5 15. Kf2 a6 16. Nc3 Nc6 17. Bxh6 Rd8 18. Qe3 Bxh6 19. Qxh6 g5 20. Ne4 Qd4+
1/2-1/2

[Event "Championnat de France - Open A"]
[Site "Pau"]
[Date "2008.08.13"]
[Round "2.57"]
[White "Garrel, Alain"]
[Black "Zaninetti, Laurent"]
[Result "1/2-1/2"]
[WhiteElo "2107"]
[BlackElo "2013"]
[PlyCount "61"]

1. d4 d5 2. Nf3 Nf6 3. Bg5 Ne4 4. Bh4 c5 5. e3 Qb6 6. Qc1 Nc6 7. c3 Bf5 8. Nbd2
cxd4 9. Nxd4 Nxd4 10. exd4 Nxd2 11. Qxd2 e6 12. a4 a6 13. a5 Qb3 14. Be2 Rc8
15. Bd1 Qc4 16. Ba4+ Rc6 17. Qf4 f6 18. Qe3 Kf7 19. Bxc6 bxc6 20. b4 h5 21. f4
Bd6 22. Kf2 Be4 23. Rhe1 Rh6 24. Rac1 Rg6 25. g3 Rg4 26. Qe2 Qxe2+ 27. Rxe2
Bxf4 28. Rce1 Bd6 29. h3 Rg6 30. Rxe4 dxe4 31. Rxe4 1/2-1/2

[Event "Championnat de France - Open A"]
[Site "Pau"]
[Date "2008.08.13"]
[Round "2.58"]
[White "Zeller, Olivier"]
[Black "Couche, Jean-Francois"]
[Result "0-1"]
[WhiteElo "2011"]
[BlackElo "2105"]
[PlyCount "72"]

1. e4 c5 2. Nf3 Nc6 3. Bb5 d6 4. O-O Bg4 5. c3 a6 6. Bxc6+ bxc6 7. d4 cxd4 8.
Qa4 Bd7 9. Qxd4 e5 10. Qd3 Nf6 11. Bg5 h6 12. Bxf6 Qxf6 13. c4 Be7 14. Nc3 Bg4
15. Ne1 O-O 16. Nc2 Rfd8 17. Ne3 Be6 18. b3 g6 19. Ne2 Bf8 20. Rad1 Bg7 21. Rd2
a5 22. Rfd1 Bf8 23. Qc3 d5 24. cxd5 Bb4 25. Qxc6 Rdc8 26. Qa4 Bxd2 27. Rxd2 Qd8
28. Nc4 Bd7 29. Qa3 a4 30. Nxe5 axb3 31. Qxb3 Qa5 32. Qe3 Rab8 33. f3 Rb1+ 34.
Kf2 Be8 35. Qxh6 Qb6+ 36. Qe3 Rf1+ 0-1

[Event "Championnat de France - Open A"]
[Site "Pau"]
[Date "2008.08.13"]
[Round "2.59"]
[White "Baudon, Sebastien"]
[Black "Suez-Panama, Gilles"]
[Result "1-0"]
[WhiteElo "2009"]
[BlackElo "2093"]
[PlyCount "87"]

1. f4 Nf6 2. Nf3 g6 3. d4 Bg7 4. e3 O-O 5. c4 d6 6. Nc3 c6 7. Be2 Nbd7 8. O-O
Qc7 9. Kh1 Rd8 10. d5 Nc5 11. Nd4 e5 12. dxe6 fxe6 13. Nb3 Nfe4 14. Nxe4 Nxe4
15. Bf3 Nf6 16. e4 d5 17. cxd5 cxd5 18. e5 Ne8 19. Be3 b6 20. Rc1 Qd7 21. Nd4
Bb7 22. Rf2 Bf8 23. Rfc2 Rdc8 24. Qd3 Ng7 25. g4 Rxc2 26. Rxc2 Rc8 27. Rf2 Bc5
28. Bd1 Qe7 29. Bc2 Bxd4 30. Bxd4 Qb4 31. h4 Rc4 32. Rd2 Qe7 33. Rh2 Ba6 34. h5
Ra4 35. Qd1 Rxa2 36. hxg6 Qb4 37. gxh7+ Kh8 38. f5 Bb7 39. f6 Ne8 40. g5 Ra1
41. Qxa1 Nxf6 42. gxf6 Qxd4 43. Qg1 Qxe5 44. Qg7# 1-0

[Event "Championnat de France - Open A"]
[Site "Pau"]
[Date "2008.08.13"]
[Round "2.60"]
[White "Lemoine, Benoit"]
[Black "Csomos, Romain"]
[Result "0-1"]
[WhiteElo "2092"]
[BlackElo "2011"]
[PlyCount "112"]

1. e4 e6 2. d4 d5 3. Nc3 Nf6 4. Bg5 dxe4 5. f3 exf3 6. Nxf3 Be7 7. Qd2 Nbd7 8.
O-O-O h6 9. Bh4 O-O 10. g4 Nh7 11. Bxe7 Qxe7 12. Bd3 b6 13. h4 Bb7 14. Bxh7+
Kxh7 15. g5 g6 16. Qe2 h5 17. Rhf1 a5 18. Ng1 Ba6 19. Qf3 Bxf1 20. Rxf1 f5 21.
Nh3 c5 22. d5 exd5 23. Nf4 d4 24. Ncd5 Qf7 25. Qb3 Rae8 26. Kd2 Re5 27. Re1
Rxe1 28. Kxe1 Kg7 29. Qb5 Re8+ 30. Kd2 Re4 31. Qc6 Ne5 32. Nxh5+ Kh8 33. Qa8+
Qg8 34. Qxg8+ Kxg8 35. Nhf6+ Kf7 36. Nxe4 Nc4+ 37. Ke2 fxe4 38. b3 Na3 39. Kd1
b5 40. Nc7 c4 41. Na6 Nb1 42. Nc5 Nc3+ 43. Ke1 Ke7 44. a4 bxa4 45. bxa4 e3 46.
Kf1 Nd5 47. Ke2 Nc3+ 48. Kf3 Kd6 49. Nb7+ Kd5 50. Nxa5 e2 51. Kf2 d3 52. Nxc4
Kxc4 53. cxd3+ Kxd3 54. Ke1 Ke3 55. h5 Nd5 56. hxg6 Nf4 0-1

[Event "Championnat de France - Open A"]
[Site "Pau"]
[Date "2008.08.13"]
[Round "2.61"]
[White "Normand, Vincent"]
[Black "Beaucoudray, Marc"]
[Result "1-0"]
[WhiteElo "2090"]
[BlackElo "2010"]
[PlyCount "63"]

1. e4 e5 2. Nc3 Nc6 3. Bc4 Nf6 4. d3 Bc5 5. f4 d6 6. Nf3 O-O 7. f5 h6 8. Qe2
Na5 9. Na4 Bb6 10. g4 Nxc4 11. dxc4 Nh7 12. h4 Kh8 13. Bd2 Bd7 14. Nc3 c6 15.
O-O-O Rg8 16. Rh2 Qe7 17. Rdh1 Raf8 18. Rg2 a6 19. g5 h5 20. g6 fxg6 21. Rxg6
Nf6 22. Rh3 Be8 23. Nh2 Bxg6 24. fxg6 Qe6 25. Rg3 Ng4 26. Nxg4 hxg4 27. Rxg4
Rf2 28. Rg5 Re8 29. Qh5+ Kg8 30. Rf5 Rxf5 31. exf5 Qd7 32. Bg5 1-0

[Event "Championnat de France - Open A"]
[Site "Pau"]
[Date "2008.08.13"]
[Round "2.62"]
[White "Quenehen, Marc"]
[Black "Guilbert, Jean-Louis"]
[Result "1/2-1/2"]
[WhiteElo "2084"]
[BlackElo "2003"]
[PlyCount "61"]

1. d4 d5 2. Nf3 Bg4 3. Ne5 Bf5 4. c4 f6 5. Nf3 c6 6. cxd5 cxd5 7. Qb3 Qd7 8.
Nc3 e6 9. Nh4 Bg4 10. e4 Ne7 11. Bf4 Nbc6 12. Nb5 e5 13. dxe5 fxe5 14. exd5
exf4 15. Nf3 Bxf3 16. gxf3 Nxd5 17. O-O-O O-O-O 18. Nc3 Qc7 19. Rxd5 Rxd5 20.
Qxd5 Bb4 21. Nb5 Qe7 22. Qf5+ Qd7 23. Bh3 Qxf5 24. Bxf5+ Kb8 25. Rd1 a6 26. Nd4
Ne7 27. Be4 Rc8+ 28. Kb1 Rd8 29. Kc2 h6 30. Ne6 Rxd1 31. Kxd1 1/2-1/2

[Event "Championnat de France - Open A"]
[Site "Pau"]
[Date "2008.08.13"]
[Round "2.63"]
[White "Ane, Regis"]
[Black "Medeuf, Yonhel"]
[Result "1-0"]
[WhiteElo "1993"]
[BlackElo "2080"]
[PlyCount "47"]

1. e4 e6 2. d3 d5 3. Nd2 c5 4. Ngf3 Nc6 5. g3 Nf6 6. Bg2 dxe4 7. dxe4 e5 8. O-O
Be7 9. c3 O-O 10. Qc2 b5 11. Re1 Rb8 12. a4 a6 13. axb5 axb5 14. Nf1 Be6 15.
Ne3 Ng4 16. Nf5 Bxf5 17. exf5 Qc7 18. Ng5 Rb6 19. Nxh7 Kxh7 20. f6+ Kg8 21.
fxe7 Nxe7 22. Qe2 Nf6 23. Qxe5 Qc8 24. Be3 1-0

[Event "Championnat de France - Open A"]
[Site "Pau"]
[Date "2008.08.13"]
[Round "2.64"]
[White "Brongers, Henk"]
[Black "Cruz, Manuel"]
[Result "1-0"]
[WhiteElo "2070"]
[BlackElo "2001"]
[PlyCount "79"]

1. e4 d6 2. d4 Nf6 3. Nc3 g6 4. Be3 Bg7 5. f3 c6 6. Qd2 Nbd7 7. O-O-O Qa5 8.
Kb1 O-O 9. g4 b5 10. h4 h5 11. g5 Nh7 12. f4 b4 13. Nce2 Nb6 14. Ng3 Na4 15.
Bc4 Ba6 16. Bxa6 Nc3+ 17. bxc3 bxc3 18. Qc1 Rfb8+ 19. Ka1 Qxa6 20. N1e2 Qa5 21.
Rd3 c5 22. e5 dxe5 23. fxe5 cxd4 24. Bxd4 Bxe5 25. Bxe5 Qxe5 26. Nxc3 Nf8 27.
Qe3 Qc7 28. Nge4 Ne6 29. Rb1 a5 30. Rd5 a4 31. Qf2 a3 32. Rf1 Nd8 33. Qc5 Qh2
34. Qxe7 Rb7 35. Rxd8+ Rxd8 36. Qxd8+ Kg7 37. Nf6 Rb8 38. Qd4 Qxc2 39. Nxh5+
Kf8 40. Qd6+ 1-0